1306 1715 1290 1660 1100 1087 1549 1362 1554 1056 1459 1275 1157 1551 1681 1149 1033 1172 1974 1012 1337 1733 1208 1567 1605 1086 1293 1148 1944 1307 1581 1611 1321 1938 1617 1368 1050 1841 1195 1020 1030 1865 1470 1774 1713 1036 1537 1909 1431 1152 1797 1001 1621 1106 1249 1618 1235 1602 1496 1118 1457 1503 1803 1852 1258 1282 1524 1902 1125 1963 1135 1653 1062 1075 1632 1767 1348 1082 1682 1385 1938 1995 1951 1607 1905 1450 1148 1411 1359 1769 1680 1079 1806 1179 1095 1427 1231 1493 1318 BCNSPRNW ULIB Ver.6.0+V

เปลี่ยนเป็นภาษาไทย

Change to English
 แสดงรายละเอียดบรรณานุกรม
  กลับหน้าหลัก

Brief Record : Get Marc (ISO 2709) : E-mail record : QR code < ปิดหน้าต่าง
LEADER : 00000nam 2200000uu 4500
001    13399107736
003     ULIB
008    110201s2553||||th 000 0 tha d
020    9789749297254
060 04 WY152.5^bผ225ก 2553
100 0  ผ่องพรรณ อรุณแสง
245 10 การพยาบาลผู้ป่วยโรคหัวใจและหลอดเลือด /^cผ่องพรรณ อรุณแสง
250    พิมพ์ครั้งที่ 7
260    ขอนแก่น :^bคณะพยาบาลศาสตร์ มหาวิทยาลัยขอนแก่น,^c2553
300    ก-ฐ, 393 หน้า :^bภาพประกอบ ;^c26 ซม.
650  7 หัวใจร่วมหลอดเลือด, โรค^xการพยาบาล
650  7 หลอดเลือด, โรค^xการพยาบาล
710 2  มหาวิทยาลัยขอนแก่น. ^bคณะพยาบาลศาสตร์
945    ^p250^l0^i029355
945    ^p250^l0^i029357
945    ^p250^l0^i029358
945    ^p250^l0^i029356
945    ^p250^l0^i029359
995    เกษร
999 ^a ใช้งานได้ทุกระบบ
รายการนี้ยังไม่มีแท็ก
คุณยังไม่ได้ล็อกอิน คุณสามารถมีกิจกรรมร่วมกับเว็บไซต์ได้ แต่ต้องล็อกอินก่อน ::
  ล็อกอิน

รายการสื่อสารสนเทศ

ลำดับที่ ประเภท เลขเรียก/บาร์โค้ด สถานที่ สถานะ
1. วิทยาศาสตร์การแพทย์ และสุขภาพ
วิทยาศาสตร์การแพทย์ และสุขภาพ
WY152.5 ผ225ก 2553 ฉ.13 
  Barcode: 029356
ห้องสมุดวิทยาเขตสวรรค์ประชารักษ์
►ส่วนจัดเก็บหนังสือเก่า สปร
บนชั้น
  ขอยืม
2. วิทยาศาสตร์การแพทย์ และสุขภาพ
วิทยาศาสตร์การแพทย์ และสุขภาพ
WY152.5 ผ225ก 2553 ฉ.15 
  Barcode: 029358
ห้องสมุดวิทยาเขตสวรรค์ประชารักษ์
►ส่วนจัดเก็บหนังสือเก่า สปร
บนชั้น
  ขอยืม
3. วิทยาศาสตร์การแพทย์ และสุขภาพ
วิทยาศาสตร์การแพทย์ และสุขภาพ
WY152.5 ผ225ก 2553 ฉ.16 
  Barcode: 029359
ห้องสมุดวิทยาเขตสวรรค์ประชารักษ์
►ส่วนจัดเก็บหนังสือเก่า สปร
บนชั้น
  ขอยืม

รายการใกล้เคียง
    ผู้แต่ง [ผ่องพรรณ อรุณแสง]

BibComment


ยังไม่เคยถูกคอมเมนท์

คอมเมนท์ทรัพยากรรายการนี้
  คอมเมนท์: การพยาบาลผู้ป่วยโ..


 Copyright 2026. Bcnsprnw @Library